<?xml version="1.0" encoding="UTF-8"?>
<record
    xmlns:xsi="http://www.w3.org/2001/XMLSchema-instance"
    xsi:schemaLocation="http://www.loc.gov/MARC21/slim http://www.loc.gov/standards/marcxml/schema/MARC21slim.xsd"
    xmlns="http://www.loc.gov/MARC21/slim">

  <leader>00538    a2200181   4500</leader>
  <controlfield tag="001">069698</controlfield>
  <controlfield tag="003">OSt</controlfield>
  <controlfield tag="005">20220406160153.0</controlfield>
  <controlfield tag="008">                                        </controlfield>
  <datafield tag="082" ind1=" " ind2=" ">
    <subfield code="a">519.5024658</subfield>
    <subfield code="b">K28M</subfield>
  </datafield>
  <datafield tag="100" ind1="1" ind2=" ">
    <subfield code="a">Keller, Gerald</subfield>
  </datafield>
  <datafield tag="245" ind1="1" ind2=" ">
    <subfield code="a">Managerial statistics</subfield>
    <subfield code="c">by Gerald Keller</subfield>
  </datafield>
  <datafield tag="250" ind1=" " ind2=" ">
    <subfield code="a">8th ed.</subfield>
  </datafield>
  <datafield tag="260" ind1=" " ind2=" ">
    <subfield code="a">Australia</subfield>
    <subfield code="b">Cengage Learning</subfield>
    <subfield code="c">2009</subfield>
  </datafield>
  <datafield tag="300" ind1=" " ind2=" ">
    <subfield code="a">899p.</subfield>
  </datafield>
  <datafield tag="690" ind1=" " ind2=" ">
    <subfield code="a">Management--Statistical methods; Economics--Statistical methods; Statistics; Management; Commercial statistics</subfield>
  </datafield>
  <datafield tag="942" ind1=" " ind2=" ">
    <subfield code="2">ddc</subfield>
    <subfield code="c">BK</subfield>
  </datafield>
  <datafield tag="999" ind1=" " ind2=" ">
    <subfield code="c">3238</subfield>
    <subfield code="d">3238</subfield>
  </datafield>
  <datafield tag="952" ind1=" " ind2=" ">
    <subfield code="0">0</subfield>
    <subfield code="1">0</subfield>
    <subfield code="4">0</subfield>
    <subfield code="7">0</subfield>
    <subfield code="a">CURAJ</subfield>
    <subfield code="b">CURAJ</subfield>
    <subfield code="d">2012-03-07</subfield>
    <subfield code="g">3438.24</subfield>
    <subfield code="l">1</subfield>
    <subfield code="o">519.5 K28M</subfield>
    <subfield code="p">3985</subfield>
    <subfield code="r">2024-11-21</subfield>
    <subfield code="s">2022-10-12</subfield>
    <subfield code="w">2020-09-02</subfield>
    <subfield code="y">BK</subfield>
  </datafield>
</record>
